[Event "84th ESP-ch 2019"]
[Site "Marbella"]
[Date "2019.11.24"]
[Round "9.2"]
[White "Cuenca Jimenez, Jose Fernando"]
[Black "Perez Candelario, Manuel"]
[Result "0-1"]
[WhiteElo "2523"]
[BlackElo "2623"]
[Annotator "ChessBase"]
[PlyCount "126"]
[EventDate "2019.11.16"]
[EventType "swiss"]
[EventCountry "ESP"]
[SourceTitle "playchess.com"]
[Source "ChessBase"]
[SourceQuality "1"]
[TimeControl "5400+30"]

1. d4 {[%emt 0:00:00]} d6 {[%emt 0:00:00]} 2. e4 {[%emt 0:00:05]} Nf6 {[%emt 0:00:00]} 3. Nc3 {[%emt 0:00:49]} g6 {[%emt 0:00:03]} 4. f4 {[%emt 0:01:28]} Bg7 {[%emt 0:00:12]} 5. Nf3 {[%emt 0:00:54]} O-O {[%emt 0:00:03]} 6. e5 {[%emt 0:01:55]} dxe5 {[%emt 0:01:03]} 7. fxe5 {[%emt 0:00:11]} Nd5 {[%emt 0:00:07]} 8. Bc4 {[%emt 0:00:36]} Be6 {[%emt 0:01:18]} 9. Bxd5 {[%emt 0:00:45]} Bxd5 {[%emt 0:00:04]} 10. Nxd5 {[%emt 0:00:04]} Qxd5 {[%emt 0:00:05]} 11. Qe2 {[%emt 0:00:15]} f5 {[%emt 0:01:46]} 12. Be3 {[%emt 0:28:17]} e6 {[%emt 0:06:11]} 13. c4 {[%emt 0:05:28]} Qa5+ {[%emt 0:07:30]} 14. Bd2 {[%emt 0:01:47]} Qa6 {[%emt 0:05:43]} 15. b4 {[%emt 0:14:05]} Qa4 {[%emt 0:07:05]} 16. h4 {[%emt 0:06:18]} Nc6 {[%emt 0:05:52]} 17. Qd1 {[%emt 0:11:50]} Qxd1+ {[%emt 0:05:38]} 18. Rxd1 {[%emt 0:00:01]} Rfd8 {[%emt 0:10:27]} 19. Bg5 {[%emt 0:02:43]} Rd7 {[%emt 0:01:14]} 20. a3 {[%emt 0:01:00]} h6 {[%emt 0:02:18]} 21. Be3 {[%emt 0:00:09]} a6 {[%emt 0:00:48]} 22. Ke2 {[%emt 0:04:00]} b5 {[%emt 0:03:01]} 23. Rc1 {[%emt 0:00:14]} Ne7 {[%emt 0:00:40]} 24. Rhd1 {[%emt 0:00:21]} c6 {[%emt 0:05:24]} 25. Bd2 {[%emt 0:08:02]} Nc8 {[%emt 0:06:27]} 26. cxb5 {[%emt 0:01:23]} cxb5 {[%emt 0:00:04]} 27. Rc6 {[%emt 0:00:16]} Kf7 {[%emt 0:00:37]} 28. Rdc1 {[%emt 0:01:22]} Ne7 {[%emt 0:01:21]} 29. Rc7 {[%emt 0:00:09]} Ke8 {[%emt 0:02:55]} 30. R7c5 {[%emt 0:02:45]} Bf8 {[%emt 0:00:42]} 31. g3 {[%emt 0:00:37]} Nd5 {[%emt 0:08:35]} 32. Rc6 {[%emt 0:00:05]} Kf7 {[%emt 0:00:04]} 33. Ra1 {[%emt 0:01:34]} Raa7 {[%emt 0:01:07]} 34. Kd3 {[%emt 0:01:09]} Rdc7 {[%emt 0:02:42]} 35. Rxc7+ {[%emt 0:01:37]} Rxc7 {[%emt 0:00:44]} 36. Rc1 {[%emt 0:00:27]} Rxc1 {[%emt 0:01:01]} 37. Bxc1 {[%emt 0:00:01]} Ke8 {[%emt 0:00:10]} 38. Ne1 {[%emt 0:03:36]} Kd7 {[%emt 0:00:06]} 39. Ng2 {[%emt 0:00:48]} Kc6 {[%emt 0:00:07]} 40. Nf4 {[%emt 0:01:12]} Nxf4+ {[%emt 0:00:22]} 41. Bxf4 {[%emt 0:00:01]} Kd5 {[%emt 0:00:18]} 42. Be3 {[%emt 0:00:34]} Kc6 {[%emt 0:02:34]} 43. Bc1 {[%emt 0:01:02]} h5 {[%emt 0:04:03]} 44. Bg5 {[%emt 0:00:33]} Kd5 {[%emt 0:00:07]} 45. Be3 {[%emt 0:00:58]} Be7 {[%emt 0:00:05]} 46. Bd2 {[%emt 0:00:19]} Bd8 {[%emt 0:00:14]} 47. Bc1 {[%emt 0:00:58]} a5 {[%emt 0:01:20]} 48. Be3 {[%emt 0:00:44]} axb4 49. axb4 Be7 {[%emt 0:01:08]} 50. Bd2 {[%emt 0:00:04]} Bf8 {[%emt 0:00:07]} 51. Kc3 {[%emt 0:01:23]} Be7 {[%emt 0:05:20]} 52. Kd3 {[%emt 0:00:16]} f4 {[%emt 0:01:05]} 53. gxf4 {[%emt 0:00:46]} Bxh4 {[%emt 0:00:06]} 54. Ke3 {[%emt 0:00:32]} g5 {[%emt 0:01:45]} 55. f5 {[%emt 0:00:06]} exf5 {[%emt 0:00:05]} 56. Kf3 {[%emt 0:00:29]} f4 {[%emt 0:01:45]} 57. Bc3 {[%emt 0:00:55]} Bg3 {[%emt 0:00:10]} 58. Ke2 {[%emt 0:00:04]} g4 {[%emt 0:00:18]} 59. Be1 {[%emt 0:00:04]} f3+ {[%emt 0:00:21]} 60. Kf1 {[%emt 0:00:03]} Bxe1 {[%emt 0:01:15]} 61. Kxe1 {[%emt 0:00:03]} h4 {[%emt 0:00:09]} 62. Kf2 {[%emt 0:00:12]} h3 {[%emt 0:00:05]} 63. Kg3 {[%emt 0:00:14]} Ke6 {[%emt 0:00:05]} 0-1

[Event "84th ESP-ch 2019"]
[Site "Marbella"]
[Date "2019.11.24"]
[Round "9.3"]
[White "Narciso Dublan, Marc"]
[Black "Vallejo Pons, Francisco"]
[Result "0-1"]
[WhiteElo "2517"]
[BlackElo "2694"]
[Annotator "TA"]
[PlyCount "66"]
[EventDate "2019.11.16"]
[EventType "swiss"]
[EventCountry "ESP"]
[SourceTitle "playchess.com"]
[Source "ChessBase"]
[SourceQuality "1"]

{[%evp 12,102,18,11,6,7,-5,12,12,-27,-17,-82,-82,-84,-83,-84,-91,-84,-84,-84,-84,-84,-70,-102,-104,-110,-92,-103,-84,-101,-87,-100,-97,-114,-111,-90,-102,-123,-110,-147,-128,-120,-108,-207,-179,-179,-179,-181,-179,-275,-267,-266,-249,-261,-250,-353,-341,-343,-364,-352,-354,-360,-279,-292,-256,-450,-444,-449,-450,-443,-447,-442,-441,-592,-592,-592,-592,-584,-584,-1225,-1059,-5442,-5069,-29967,-29968,-6432,-924,-846,-763,-1023,-851,-29966,-29966]} 1. d4 Nf6 2. c4 e6 3. Nc3 Bb4 4. Qc2 d5 5. cxd5 exd5 6. Bg5 h6 7. Bh4 Nc6 {E35: Nimzo-Indian: Classical: 4...d5 5 cxd5 exd5} 8. e3 g5 9. Bg3 h5 {The position is equal.} 10. f3 Qe7 11. O-O-O (11. Bb5 $11 {remains equal.}) 11... Qxe3+ $17 12. Kb1 Nxd4 {[#]} 13. Rxd4 $1 {[%mdl 512]} Qxd4 {[#]} 14. Nb5 $146 ({Predecessor:} 14. Bf2 Qf4 15. Bd3 {½-½ (23) Predke,A (2657)-Sarana,A (2651) Khanty-Mansiysk 2019}) 14... Qd2 15. Nxc7+ Ke7 {And now ...Bf5! would win.} 16. Bd3 Qxc2+ 17. Kxc2 Be6 {Strongly threatening ...h4.} 18. Nxa8 {Black must now prevent Nc7.} Rxa8 19. h4 g4 20. Ne2 Rc8+ 21. Kb1 Bd6 22. Bf2 gxf3 23. gxf3 Nd7 24. Nd4 Rg8 25. Re1 Rg2 {aiming for ...Ne5.} 26. Be3 Bb4 27. Nf5+ (27. Re2 $17 {was called for.} Rxe2 28. Bxe2) 27... Bxf5 28. Bg5+ Kf8 29. Bh6+ {[#]} Rg7 $1 30. Rd1 {[#]} (30. Bxg7+ $142 Kxg7 31. Bxf5 Bxe1 32. Bxd7) 30... Bxd3+ $1 $19 31. Rxd3 Nb6 32. Re3 Bd6 33. Kc2 (33. Rb3 $142) 33... Nc8 {Played: Kf8-g8} 0-1

[Event "84th ESP-ch 2019"]
[Site "Marbella"]
[Date "2019.11.24"]
[Round "9.4"]
[White "Del Rio De Angelis, Salvador G."]
[Black "Anton Guijarro, David"]
[Result "0-1"]
[WhiteElo "2502"]
[BlackElo "2686"]
[Annotator "TA"]
[PlyCount "62"]
[EventDate "2019.11.16"]
[EventType "swiss"]
[EventCountry "ESP"]
[SourceTitle "playchess.com"]
[Source "ChessBase"]
[SourceQuality "1"]

{[%evp 9,62,33,28,17,29,-6,-4,0,0,-4,-4,-9,-10,-10,-14,-14,-22,-28,-9,-8,-10,-12,-2,-18,-14,-20,-18,-12,-18,-28,-21,-52,-43,-49,-41,-46,-43,-42,-40,-76,-86,-60,-40,-49,-40,-72,-43,-36,-36,-129,-126,-343,-332,-306,-264]} 1. d4 Nf6 2. c4 e6 3. Nc3 d5 4. Bg5 dxc4 5. e3 c5 6. Bxc4 {D50: Queen's Gambit Declined: Dutch-Peruvian Gambit} a6 7. dxc5 Qxd1+ 8. Rxd1 {The position is equal.} Bxc5 9. Ne4 $146 ({Predecessor:} 9. Nf3 Nbd7 10. Nd2 b5 11. Be2 Bb7 12. O-O Be7 13. Bf3 Bxf3 14. Nxf3 {½-½ (42) Akobian,V (2640)-Swiercz,D (2654) Saint Louis 2018}) 9... Bb4+ 10. Ke2 $132 {[%mdl 2048] White is not holding back} Nbd7 11. Nxf6+ gxf6 12. Bh4 Be7 13. Nf3 b5 14. Bd3 Nc5 15. Bb1 b4 16. Rc1 a5 17. Rhd1 Ba6+ 18. Ke1 Rc8 19. Nd2 f5 20. Nb3 Nxb3 $1 21. Rxc8+ Bxc8 22. Bxe7 Kxe7 23. axb3 $15 {[%mdl 4096] Endgame KRB-KRB} Bb7 24. g3 Rc8 25. Kd2 Kf6 26. Bc2 Kg5 27. Ra1 Kg4 28. Rxa5 Kf3 29. Rb5 {[#]} (29. Ra7 $15 Rc7 30. Ra4) 29... Be4 $1 $17 30. Bd1+ $2 (30. Bxe4+ $17 {only move.} fxe4 31. Rxb4) 30... Kxf2 $19 {Threatens to win with ...Rd8+.} 31. Rxb4 e5 {Accuracy: White = 38%, Black = 84%.} 0-1

[Event "84th ESP-ch 2019"]
[Site "Marbella"]
[Date "2019.11.24"]
[Round "9.6"]
[White "Larino Nieto, David"]
[Black "Santos Ruiz, Miguel"]
[Result "1/2-1/2"]
[WhiteElo "2473"]
[BlackElo "2583"]
[Annotator "ChessBase"]
[PlyCount "60"]
[EventDate "2019.11.16"]
[EventType "swiss"]
[EventCountry "ESP"]
[SourceTitle "playchess.com"]
[Source "ChessBase"]
[SourceQuality "1"]
[TimeControl "5400+30"]

1. Nf3 {[%emt 0:01:28]} c5 {[%emt 0:00:00]} 2. b3 {[%emt 0:00:46]} Nc6 {[%emt 0:00:00]} 3. Bb2 {[%emt 0:02:35]} Nf6 {[%emt 0:00:03]} 4. c4 {[%emt 0:02:35]} d5 {[%emt 0:00:11]} 5. cxd5 {[%emt 0:02:24]} Nxd5 {[%emt 0:00:10]} 6. g3 {[%emt 0:06:23]} f6 {[%emt 0:00:32]} 7. Bg2 {[%emt 0:00:05]} e5 {[%emt 0:00:03]} 8. O-O {[%emt 0:00:32]} Be7 {[%emt 0:05:20]} 9. Nc3 {[%emt 0:00:02]} Be6 {[%emt 0:01:39]} 10. Nh4 {[%emt 0:03:30]} O-O {[%emt 0:13:21]} 11. Nf5 {[%emt 0:04:55]} Rf7 {[%emt 0:03:58]} 12. Nxe7+ {[%emt 0:14:03]} Ndxe7 {[%emt 0:01:13]} 13. Rc1 {[%emt 0:03:17]} Qd7 {[%emt 0:01:05]} 14. Ne4 {[%emt 0:03:49]} b6 {[%emt 0:00:25]} 15. f4 {[%emt 0:00:05]} exf4 {[%emt 0:05:09]} 16. Rxf4 {[%emt 0:04:34]} Re8 {[%emt 0:10:44]} 17. Rf2 {[%emt 0:12:47]} Ng6 {[%emt 0:08:06]} 18. Qf1 {[%emt 0:00:46]} Bd5 {[%emt 0:02:03]} 19. d3 {[%emt 0:00:46]} Nge5 {[%emt 0:06:11]} 20. h3 {[%emt 0:01:33]} f5 {[%emt 0:01:32]} 21. Nc3 {[%emt 0:01:37]} Bxg2 {[%emt 0:00:11]} 22. Qxg2 {[%emt 0:00:03]} Rd8 {[%emt 0:06:20]} 23. Rcf1 {[%emt 0:00:17]} Rff8 {[%emt 0:06:43]} 24. Rf4 {[%emt 0:01:51]} Ng6 {[%emt 0:00:50]} 25. R4f2 {[%emt 0:00:36]} Nd4 {[%emt 0:01:07]} 26. Bc1 {[%emt 0:03:09]} Qe6 {[%emt 0:03:50]} 27. Bg5 {[%emt 0:02:54]} Rde8 {[%emt 0:00:46]} 28. Bc1 {[%emt 0:05:39]} Rd8 {[%emt 0:02:47]} 29. Bg5 {[%emt 0:00:56]} Rde8 {[%emt 0:00:04]} 30. Bc1 {[%emt 0:08:01]} Rd8 1/2-1/2

[Event "84th ESP-ch 2019"]
[Site "Marbella"]
[Date "2019.11.24"]
[Round "9.7"]
[White "Santos Latasa, Jaime"]
[Black "Diaz Camallonga, Carles"]
[Result "1-0"]
[WhiteElo "2581"]
[BlackElo "2465"]
[Annotator "ChessBase"]
[PlyCount "153"]
[EventDate "2019.11.16"]
[EventType "swiss"]
[EventCountry "ESP"]
[SourceTitle "playchess.com"]
[Source "ChessBase"]
[SourceQuality "1"]
[TimeControl "5400+30"]

1. d4 {[%emt 0:00:00]} e6 {[%emt 0:00:00]} 2. c4 {[%emt 0:00:00]} d5 {[%emt 0:00:00]} 3. Nc3 {[%emt 0:01:11]} Be7 {[%emt 0:00:00]} 4. cxd5 {[%emt 0:00:15]} exd5 {[%emt 0:00:00]} 5. Bf4 {[%emt 0:00:08]} c6 {[%emt 0:00:00]} 6. e3 {[%emt 0:00:10]} Bf5 {[%emt 0:00:25]} 7. Nge2 {[%emt 0:00:45]} g6 {[%emt 0:04:27]} 8. Ng3 {[%emt 0:02:50]} Be6 {[%emt 0:00:05]} 9. Bd3 {[%emt 0:00:21]} Nd7 {[%emt 0:04:09]} 10. Nge2 {[%emt 0:00:43]} Ngf6 {[%emt 0:00:44]} 11. h3 {[%emt 0:01:39]} Nb6 {[%emt 0:05:20]} 12. Qc2 {[%emt 0:07:10]} Nh5 {[%emt 0:05:00]} 13. Be5 {[%emt 0:00:48]} f6 {[%emt 0:02:22]} 14. Bh2 {[%emt 0:00:16]} f5 {[%emt 0:14:51]} 15. g4 {[%emt 0:02:03]} Ng7 {[%emt 0:00:21]} 16. O-O-O {[%emt 0:03:48]} Rf8 {[%emt 0:03:31]} 17. Nf4 {[%emt 0:03:52]} Qd7 {[%emt 0:02:22]} 18. f3 {[%emt 0:02:26]} Bd6 {[%emt 0:03:45]} 19. Rhf1 {[%emt 0:00:59]} O-O-O {[%emt 0:05:28]} 20. e4 fxe4 {[%emt 0:04:18]} 21. fxe4 {[%emt 0:01:45]} Kb8 {[%emt 0:00:04]} 22. Kb1 {[%emt 0:00:31]} Ka8 {[%emt 0:02:22]} 23. e5 {[%emt 0:13:02]} Be7 {[%emt 0:00:21]} 24. Bg3 {[%emt 0:00:33]} Bg8 {[%emt 0:02:39]} 25. Rf2 {[%emt 0:09:00]} Ne6 {[%emt 0:02:02]} 26. Nxe6 {[%emt 0:00:14]} Bxe6 {[%emt 0:00:05]} 27. Rdf1 {[%emt 0:00:24]} Rxf2 {[%emt 0:03:12]} 28. Qxf2 {[%emt 0:00:13]} Rc8 {[%emt 0:00:11]} 29. Bh4 {[%emt 0:07:19]} Bb4 {[%emt 0:05:56]} 30. Rc1 {[%emt 0:01:03]} a6 {[%emt 0:07:00]} 31. a3 {[%emt 0:00:58]} Bf8 {[%emt 0:01:21]} 32. Bg5 {[%emt 0:03:49]} c5 {[%emt 0:04:43]} 33. Be3 {[%emt 0:00:10]} c4 {[%emt 0:00:14]} 34. Bc2 {[%emt 0:00:04]} Be7 {[%emt 0:00:21]} 35. Rf1 {[%emt 0:00:41]} Ka7 {[%emt 0:01:53]} 36. Qd2 {[%emt 0:00:30]} Na8 {[%emt 0:03:30]} 37. Na4 {[%emt 0:02:28]} b6 {[%emt 0:00:11]} 38. Bg5 {[%emt 0:00:59]} Bf8 {[%emt 0:00:54]} 39. Rf3 {[%emt 0:01:34]} Rb8 {[%emt 0:06:03]} 40. Kc1 {[%emt 0:04:39]} Rc8 {[%emt 0:00:42]} 41. Kb1 {[%emt 0:01:44]} Rb8 {[%emt 0:00:05]} 42. Qf2 {[%emt 0:00:27]} Bg7 {[%emt 0:00:17]} 43. Bd2 {[%emt 0:00:49]} Nc7 {[%emt 0:01:02]} 44. Bb4 {[%emt 0:00:38]} Nb5 {[%emt 0:01:53]} 45. Nc3 {[%emt 0:00:30]} Nxc3+ {[%emt 0:00:23]} 46. bxc3 {[%emt 0:00:17]} Qe8 {[%emt 0:01:24]} 47. g5 {[%emt 0:01:08]} Rb7 {[%emt 0:01:14]} 48. h4 {[%emt 0:03:05]} Rf7 {[%emt 0:01:04]} 49. Rxf7+ {[%emt 0:00:07]} Qxf7 {[%emt 0:00:11]} 50. Qxf7+ {[%emt 0:00:08]} Bxf7 {[%emt 0:00:02]} 51. Ba4 {[%emt 0:00:23]} b5 {[%emt 0:02:40]} 52. Bc2 {[%emt 0:00:15]} Be6 {[%emt 0:00:33]} 53. a4 {[%emt 0:00:17]} Kb6 {[%emt 0:00:55]} 54. axb5 {[%emt 0:00:18]} axb5 {[%emt 0:00:09]} 55. Kb2 {[%emt 0:00:06]} Kc6 {[%emt 0:01:45]} 56. Ka3 {[%emt 0:00:38]} Bg4 {[%emt 0:02:19]} 57. Bd6 {[%emt 0:01:08]} Be6 {[%emt 0:00:14]} 58. Kb4 {[%emt 0:01:16]} Bg4 {[%emt 0:00:06]} 59. Ka5 {[%emt 0:01:26]} Bc8 {[%emt 0:00:06]} 60. Ba3 {[%emt 0:00:57]} Bg4 {[%emt 0:00:22]} 61. Ka6 {[%emt 0:01:23]} Bc8+ {[%emt 0:00:13]} 62. Ka7 {[%emt 0:00:08]} Bg4 {[%emt 0:00:04]} 63. Kb8 {[%emt 0:00:06]} Be6 {[%emt 0:00:12]} 64. Bd1 {[%emt 0:00:29]} Bf5 {[%emt 0:02:27]} 65. Bb4 {[%emt 0:00:48]} Be6 {[%emt 0:00:15]} 66. Be7 {[%emt 0:02:43]} Kd7 {[%emt 0:00:46]} 67. Ba3 {[%emt 0:03:07]} Kc6 {[%emt 0:00:11]} 68. h5 {[%emt 0:00:26]} gxh5 {[%emt 0:00:20]} 69. Bxh5 {[%emt 0:00:10]} h6 {[%emt 0:01:51]} 70. Be8+ {[%emt 0:00:08]} Bd7 {[%emt 0:00:19]} 71. Bf7 {[%emt 0:00:05]} hxg5 {[%emt 0:00:42]} 72. e6 {[%emt 0:00:06]} Bxe6 {[%emt 0:00:19]} 73. Bxe6 {[%emt 0:00:06]} Bxd4 {[%emt 0:00:34]} 74. cxd4 {[%emt 0:00:12]} c3 {[%emt 0:00:27]} 75. Bc5 {[%emt 0:01:07]} c2 {[%emt 0:00:41]} 76. Kc8 {[%emt 0:00:06]} c1=Q {[%emt 0:00:05]} 77. Bd7# 1-0

[Event "84th ESP-ch 2019"]
[Site "Marbella"]
[Date "2019.11.24"]
[Round "9.8"]
[White "Merario Alarcon, Andres"]
[Black "Arizmendi Martinez, Julen Luis"]
[Result "1-0"]
[WhiteElo "2394"]
[BlackElo "2517"]
[Annotator "ChessBase"]
[PlyCount "79"]
[EventDate "2019.11.16"]
[EventType "swiss"]
[EventCountry "ESP"]
[SourceTitle "playchess.com"]
[Source "ChessBase"]
[SourceQuality "1"]
[TimeControl "5400+30"]

1. d4 {[%emt 0:00:00]} d5 {[%emt 0:02:39]} 2. c4 {[%emt 0:00:00]} e6 {[%emt 0:00:23]} 3. Nc3 {[%emt 0:00:00]} Bb4 {[%emt 0:01:26]} 4. Nf3 {[%emt 0:00:23]} Ne7 {[%emt 0:09:16]} 5. Qa4+ {[%emt 0:00:23]} Nbc6 {[%emt 0:00:23]} 6. e3 {[%emt 0:00:44]} O-O {[%emt 0:02:26]} 7. Bd2 {[%emt 0:00:13]} b6 {[%emt 0:12:40]} 8. a3 {[%emt 0:09:24]} Bd6 {[%emt 0:04:13]} 9. cxd5 exd5 {[%emt 0:06:02]} 10. Nxd5 {[%emt 0:05:47]} Bb7 {[%emt 0:03:53]} 11. Ba6 {[%emt 0:05:16]} Bxa6 {[%emt 0:09:44]} 12. Nxe7+ {[%emt 0:00:29]} Qxe7 {[%emt 0:00:07]} 13. Qxa6 {[%emt 0:00:22]} Qe4 {[%emt 0:00:24]} 14. O-O {[%emt 0:02:27]} Nb8 {[%emt 0:04:23]} 15. Qc4 {[%emt 0:03:59]} a5 {[%emt 0:00:16]} 16. Rac1 {[%emt 0:05:39]} Nd7 {[%emt 0:01:51]} 17. Qc6 {[%emt 0:02:58]} Qxc6 {[%emt 0:03:45]} 18. Rxc6 {[%emt 0:00:12]} f5 {[%emt 0:00:02]} 19. Rfc1 {[%emt 0:06:52]} h6 {[%emt 0:09:28]} 20. Be1 {[%emt 0:04:05]} Nf6 {[%emt 0:11:52]} 21. Nd2 {[%emt 0:07:28]} Nd5 {[%emt 0:00:12]} 22. g3 {[%emt 0:04:50]} Kf7 {[%emt 0:02:07]} 23. Nc4 {[%emt 0:02:48]} Ke6 {[%emt 0:01:32]} 24. f3 {[%emt 0:12:39]} Ne7 {[%emt 0:02:35]} 25. Nxd6 {[%emt 0:01:40]} Nxc6 {[%emt 0:00:15]} 26. Nb5 {[%emt 0:00:07]} Kd7 {[%emt 0:04:34]} 27. d5 {[%emt 0:00:07]} Ne7 {[%emt 0:00:49]} 28. Rxc7+ {[%emt 0:01:24]} Kd8 {[%emt 0:00:03]} 29. d6 {[%emt 0:02:23]} Nd5 {[%emt 0:00:02]} 30. Rxg7 {[%emt 0:00:57]} Rc8 {[%emt 0:00:07]} 31. Nc3 {[%emt 0:05:26]} Nf6 {[%emt 0:00:23]} 32. g4 {[%emt 0:07:40]} Rc6 {[%emt 0:00:14]} 33. Bg3 {[%emt 0:00:46]} fxg4 {[%emt 0:02:20]} 34. e4 {[%emt 0:00:44]} gxf3 {[%emt 0:04:52]} 35. e5 {[%emt 0:00:50]} f2+ {[%emt 0:01:21]} 36. Bxf2 {[%emt 0:03:09]} Nh5 {[%emt 0:00:01]} 37. Bh4+ {[%emt 0:00:18]} Kc8 {[%emt 0:00:03]} 38. d7+ {[%emt 0:00:17]} Kb8 {[%emt 0:00:01]} 39. Rf7 {[%emt 0:02:43]} Rg6+ {[%emt 0:00:18]} 40. Kh1 {[%emt 0:00:01]} 1-0

[Event "84th ESP-ch 2019"]
[Site "Marbella"]
[Date "2019.11.24"]
[Round "9.9"]
[White "Garcia Ramos, Daniel"]
[Black "Huerga Leache, Mikel"]
[Result "0-1"]
[WhiteElo "2350"]
[BlackElo "2456"]
[Annotator "ChessBase"]
[PlyCount "100"]
[EventDate "2019.11.16"]
[EventType "swiss"]
[EventCountry "ESP"]
[SourceTitle "playchess.com"]
[Source "ChessBase"]
[SourceQuality "1"]
[TimeControl "5400+30"]

1. e4 {[%emt 0:00:00]} e6 {[%emt 0:01:24]} 2. d4 {[%emt 0:00:00]} d5 {[%emt 0:00:05]} 3. Bd3 {[%emt 0:00:00]} c5 {[%emt 0:00:14]} 4. exd5 {[%emt 0:00:00]} exd5 {[%emt 0:00:06]} 5. Nf3 {[%emt 0:00:59]} c4 {[%emt 0:00:08]} 6. Be2 {[%emt 0:00:04]} Nf6 {[%emt 0:00:04]} 7. O-O {[%emt 0:00:17]} Bd6 {[%emt 0:00:06]} 8. b3 {[%emt 0:00:38]} cxb3 {[%emt 0:00:06]} 9. axb3 {[%emt 0:00:04]} O-O {[%emt 0:00:08]} 10. c4 {[%emt 0:02:46]} Nc6 {[%emt 0:00:08]} 11. Nc3 {[%emt 0:00:29]} Bb4 {[%emt 0:00:08]} 12. Bb2 {[%emt 0:03:04]} Bf5 {[%emt 0:00:17]} 13. Ra4 {[%emt 0:06:54]} a5 {[%emt 0:02:04]} 14. Ne5 {[%emt 0:04:27]} Qd6 {[%emt 0:18:39]} 15. Nb5 {[%emt 0:08:20]} Qe7 {[%emt 0:00:43]} 16. Bf3 {[%emt 0:05:17]} Rfd8 {[%emt 0:04:28]} 17. c5 {[%emt 0:21:11]} Nxe5 {[%emt 0:06:17]} 18. dxe5 {[%emt 0:00:39]} Ne4 {[%emt 0:01:49]} 19. Nd6 {[%emt 0:02:59]} Bd7 {[%emt 0:00:33]} 20. Rxb4 {[%emt 0:09:57]} axb4 {[%emt 0:01:10]} 21. Qxd5 {[%emt 0:00:31]} Bc6 {[%emt 0:06:40]} 22. Qd4 {[%emt 0:00:54]} Ng5 {[%emt 0:06:35]} 23. Bxc6 {[%emt 0:02:31]} bxc6 {[%emt 0:00:06]} 24. Qxb4 {[%emt 0:09:09]} Ra2 {[%emt 0:03:21]} 25. Bd4 {[%emt 0:05:48]} Rda8 {[%emt 0:02:54]} 26. Qc3 {[%emt 0:01:36]} Qd7 {[%emt 0:01:31]} 27. h4 Ne6 {[%emt 0:00:25]} 28. Be3 {[%emt 0:04:22]} Nc7 {[%emt 0:00:32]} 29. Qd4 {[%emt 0:01:05]} Nd5 {[%emt 0:00:41]} 30. h5 {[%emt 0:01:36]} h6 {[%emt 0:02:53]} 31. Qe4 {[%emt 0:02:51]} Rb8 {[%emt 0:06:29]} 32. Nf5 {[%emt 0:01:33]} Rb4 {[%emt 0:01:35]} 33. Qf3 {[%emt 0:00:09]} Kh7 {[%emt 0:07:39]} 34. Nd6 {[%emt 0:01:14]} Rxb3 {[%emt 0:04:39]} 35. Re1 {[%emt 0:04:20]} Nxe3 {[%emt 0:04:14]} 36. Qe4+ {[%emt 0:00:54]} Kg8 {[%emt 0:00:58]} 37. Rxe3 {[%emt 0:00:05]} Ra1+ {[%emt 0:02:35]} 38. Kh2 {[%emt 0:00:05]} Rxe3 {[%emt 0:01:31]} 39. fxe3 {[%emt 0:00:28]} Qe7 {[%emt 0:02:11]} 40. Qf4 {[%emt 0:02:10]} Rc1 {[%emt 0:02:06]} 41. Ne4 {[%emt 0:00:06]} Kh8 {[%emt 0:00:59]} 42. Kg3 {[%emt 0:00:54]} Rh1 {[%emt 0:02:01]} 43. Nd6 {[%emt 0:00:27]} Rxh5 {[%emt 0:01:01]} 44. Qxf7 {[%emt 0:00:33]} Qxe5+ {[%emt 0:00:51]} 45. Kf2 {[%emt 0:00:22]} Qf6+ {[%emt 0:00:35]} 46. Qxf6 {[%emt 0:00:39]} gxf6 {[%emt 0:00:05]} 47. Ne4 {[%emt 0:00:09]} Re5 {[%emt 0:00:12]} 48. Kf3 {[%emt 0:00:26]} Kg7 {[%emt 0:00:32]} 49. Kf4 {[%emt 0:00:08]} h5 {[%emt 0:00:38]} 50. g3 {[%emt 0:00:51]} Kg6 {[%emt 0:00:23]} 0-1

[Event "84th ESP-ch 2019"]
[Site "Marbella"]
[Date "2019.11.24"]
[Round "9.10"]
[White "Mingarro Carceller, Sergi"]
[Black "Valmana Canto, Jaime"]
[Result "1-0"]
[WhiteElo "2329"]
[BlackElo "2416"]
[Annotator "NA"]
[PlyCount "57"]
[EventDate "2019.11.16"]
[EventType "swiss"]
[EventCountry "ESP"]
[SourceTitle "playchess.com"]
[Source "ChessBase"]
[SourceQuality "1"]
[TimeControl "5400+30"]

1. e4 {[%emt 0:00:22]} e6 {[%emt 0:05:43]} 2. d4 {[%emt 0:00:18]} d5 {[%emt 0:00:14]} 3. Nd2 {[%emt 0:00:12]} c5 {[%emt 0:00:06]} 4. exd5 {[%emt 0:00:13]} Qxd5 {[%emt 0:00:09]} 5. Ngf3 {[%emt 0:00:22]} cxd4 {[%emt 0:00:08]} 6. Bc4 {[%emt 0:00:15]} Qd7 {[%emt 0:00:22]} 7. O-O {[%emt 0:02:01]} Nc6 {[%emt 0:00:26]} 8. Nb3 {[%emt 0:03:15]} Nf6 {[%emt 0:00:10]} 9. Qe2 {[%emt 0:01:38]} a6 {[%emt 0:05:56]} 10. a4 {[%emt 0:00:33]} Qc7 {[%emt 0:12:57]} 11. Rd1 {[%emt 0:07:50]} Bd7 {[%emt 0:00:10]} 12. Nbxd4 {[%emt 0:05:36]} O-O-O {[%emt 0:03:49]} 13. Nxc6 {[%emt 0:18:05]} Bxc6 {[%emt 0:00:09]} 14. Rxd8+ {[%emt 0:00:08]} Kxd8 {[%emt 0:00:12]} 15. Ne5 {[%emt 0:01:03]} Bd6 {[%emt 0:31:40]} 16. Bf4 {[%emt 0:08:14]} Rf8 {[%emt 0:00:11]} 17. Nxc6+ {[%emt 0:08:24]} Qxc6 {[%emt 0:03:25]} 18. Bxd6 {[%emt 0:02:16]} Qxd6 {[%emt 0:00:09]} 19. Rd1 {[%emt 0:00:22]} Nd5 {[%emt 0:00:09]} 20. Qh5 {[%emt 0:10:20]} Kc7 {[%emt 0:14:22]} 21. Bxd5 {[%emt 0:01:37]} exd5 {[%emt 0:00:08]} 22. Qxh7 {[%emt 0:01:09]} Qe5 {[%emt 0:02:59]} 23. Qd3 {[%emt 0:05:28]} Qxb2 {[%emt 0:00:48]} 24. Qxd5 {[%emt 0:00:17]} Qb4 {[%emt 0:05:51]} 25. Qe5+ {[%emt 0:01:46]} Kc8 {[%emt 0:00:06]} 26. c3 {[%emt 0:09:00]} Qa3 {[%emt 0:02:46]} 27. Qxg7 {[%emt 0:00:35]} Re8 {[%emt 0:00:56]} 28. Qd4 {[%emt 0:01:34]} Kb8 {[%emt 0:00:34]} 29. h4 {[%emt 0:00:48]} 1-0